载入...
Soil chemistry; Basic elements
| 主要作者: | |
|---|---|
| 格式: | Printed Book |
| 语言: | Undetermined English |
| 出版: |
London
Elsevier scientific
1978
|
| 主题: |
| LEADER | 00621nam a2200193Ia 4500 | ||
|---|---|---|---|
| 008 | 140306s9999 xx 000 0 und d | ||
| 041 | |a eng | ||
| 082 | |a 631.4 |b BOL/SO | ||
| 100 | |a Bolt, G.H | ||
| 245 | |a Soil chemistry; Basic elements | ||
| 260 | |a London |b Elsevier scientific |c 1978 | ||
| 300 | |a 281 | ||
| 365 | |b Rs.93 | ||
| 440 | |v Developments in soil science | ||
| 650 | |a Agricultural chemistry | ||
| 650 | |a Soil Science | ||
| 942 | |2 ddc |c BK | ||
| 999 | |c 121600 |d 121600 | ||
| 952 | |0 0 |1 0 |2 ddc |4 0 |6 631_400000000000000_BOLSO |7 0 |9 120984 |a KAUHCV |b KAUHCV |d 2004-05-12 |g 93.00 |o 631.4 BOL/SO |p KAU_HCV-13213 |r 2014-03-22 |w 2014-03-22 |y BK | ||